| 000 | 00679cam a22001934a 4500 | ||
|---|---|---|---|
| 003 | OSt | ||
| 005 | 20140310182432.0 | ||
| 008 | 100608s2011 njua b 001 0 eng | ||
| 020 | _a9780470555170 | ||
| 050 | 0 | 0 |
_aHD 9665.5 _b.R44 2011 |
| 100 | 1 |
_aRees, Hedley. _98251 |
|
| 245 | 1 | 0 |
_aSupply chain management in the drug industry : _bdelivering patient value for pharmaceuticals and biologics / _cHedley Rees. |
| 260 |
_aHoboken, N.J. : _bWiley, _cc2011. |
||
| 300 |
_axxiii, 432 p. : _bill. ; _c25 cm. |
||
| 650 | 0 |
_aPharmaceutical industry _xMaterials management. _98252 |
|
| 650 | 1 | 2 |
_aDrug Industry _xorganization & administration. _98253 |
| 942 |
_2lcc _cSSLC |
||
| 999 |
_c13399 _d13399 |
||